000 00311nam a2200133 i 4500
001 bg
100 1 _aSYMONS, M.
245 0 _aSpektroskopia EPR w chemii i biochemii /
_cM. Symons.
260 _aWarszawa,
_c1987.
040 _cBPK
041 _apol
942 _cKS
008 s pl f |000 0 pol
999 _c23846
_d23846
856 _uhttp://koha.tu.koszalin.pl/cgi-bin/koha/opac-detail.pl?biblionumber=23846
_yKatalog online BPK